Statistics for K-Pop Girl Groups - Members Edition

Click here to take the quiz!

General Stats

  • This quiz has been taken 53 times
  • The average score is 45 of 64

Answer Stats

HintAnswer% Correct
BlackpinkJennie
98%
BlackpinkJisoo
98%
BlackpinkLisa
98%
BlackpinkRosé
98%
MamamooHwasa
96%
TWICENayeon
96%
Red VelvetIrene
93%
TWICEJihyo
93%
TWICEMomo
93%
TWICESana
93%
(G)I-DLEYuqi
93%
TWICEChaeyoung
91%
Red VelvetJoy
91%
ItzyLia
91%
TWICEMina
91%
MamamooSolar
91%
(G)I-DLESoojin
91%
(G)I-DLESoyeon
91%
TWICETzuyu
91%
Red VelvetWendy
91%
ItzyYuna
91%
TWICEDahyun
89%
TWICEJeongyeon
89%
(G)I-DLEMinnie
89%
ItzyRyujin
89%
Red VelvetSeulgi
89%
ItzyYeji
89%
(G)I-DLEShuhua
87%
Red VelvetYeri
87%
(G)I-DLEMiyeon
85%
MamamooMoonbyul
85%
MamamooWheein
80%
ItzyChaeryeong
78%
IZ*ONESakura
76%
IZ*ONEWonyoung
76%
IZ*ONEChaeyeon
74%
IZ*ONEYujin
70%
IZ*ONEChaewon
65%
IZ*ONEEunbi
65%
IZ*ONEYuri
65%
GFriendSinB
63%
IZ*ONEYena
63%
IZ*ONEHitomi
57%
IZ*ONENako
57%
Oh My GirlYooA
54%
IZ*ONEHyewon
52%
IZ*ONEMinju
52%
Oh My GirlArin
50%
GFriendEunha
46%
ApinkNaeun
46%
GFriendSowon
43%
GFriendUmji
43%
GFriendYerin
39%
Oh My GirlJiho
37%
Oh My GirlMimi
37%
GFriendYuju
37%
ApinkBomi
35%
ApinkChorong
35%
ApinkEunji
33%
Oh My GirlSeunghee
30%
Oh My GirlBinnie
26%
ApinkHayoung
26%
ApinkNamjoo
26%
Oh My GirlHyojung
22%

Score Distribution

Percentile by Number Answered

Percent of People with Each Score

Your Score History

You have not taken this quiz